Southampton Goalkeeper By Year - Statistics

General Stats
  • This quiz has been taken 165 times
    62 since last reset
  • The average score is 14 of 47
Answer Stats
Season Goalkeeper % Correct
2024-25 Aaron Ramsdale
77%
2021-22 Fraser Forster
74%
2017-18 Fraser Forster
74%
2016-17 Fraser Forster
74%
2015-16 Fraser Forster
74%
2014-15 Fraser Forster
74%
2020-21 Alex McCarthy
66%
2019-20 Alex McCarthy
66%
2018-19 Alex McCarthy
66%
2022-23 Gavin Bazunu
45%
2013-14 Artur Boruc
30%
2012-13 Artur Boruc
30%
2001-02 Paul Jones
30%
2000-01 Paul Jones
30%
1999-00 Paul Jones
30%
1998-99 Paul Jones
30%
1997-98 Paul Jones
30%
1992-93 Tim Flowers
30%
1991-92 Tim Flowers
30%
1990-91 Tim Flowers
30%
1989-90 Tim Flowers
30%
1986-87 Peter Shilton
28%
1985-86 Peter Shilton
28%
1984-85 Peter Shilton
28%
1983-84 Peter Shilton
28%
1982-83 Peter Shilton
28%
2004-05 Antti Niemi
23%
2003-04 Antti Niemi
23%
2002-03 Antti Niemi
23%
1994-95 Bruce Grobbelaar
19%
1995-96 Dave Beasant
19%
1993-94 Dave Beasant
19%
1996-97 Maik Taylor
11%
1973-74 Eric Martin
9%
1972-73 Eric Martin
9%
1971-72 Eric Martin
9%
1970-71 Eric Martin
9%
1969-70 Eric Martin
9%
1988-89 John Burridge
8%
1987-88 John Burridge
8%
1980-81 Peter Wells
8%
1979-80 Peter Wells
8%
1967-68 Campbell Forsyth
6%
1966-67 David MacLaren
6%
1968-69 Gerald Gurr
6%
1981-82 Ivan Katalinić
6%
1978-79 Terry Gennoe
6%
No matching quizzes found
Score Distribution
Percent of People with Each Score
Percentile by Number Answered
Your Score History
You have not taken this quiz since the last reset